Ramakrishna as we saw him (Record no. 515310)

000 -LEADER
fixed length control field 00263nam a22000977a 4500
082 ## - DEWEY DECIMAL CLASSIFICATION NUMBER
Classification number TNC A99 R141
100 ## - MAIN ENTRY--PERSONAL NAME
Personal name Chetanananda, Swami
9 (RLIN) 20669
245 ## - TITLE STATEMENT
Title Ramakrishna as we saw him
Statement of responsibility, etc edited by Swami Chetanananda
260 ## - PUBLICATION, DISTRIBUTION, ETC. (IMPRINT)
Place of publication, distribution, etc Calcutta
Name of publisher, distributor, etc Advaita
Date of publication, distribution, etc 1990
300 ## - PHYSICAL DESCRIPTION
Extent 495p.
Holdings
Withdrawn status Lost status Source of classification or shelving scheme Damaged status Koha normalized classification for sorting Not for loan Permanent location Current location Date acquired Full call number Barcode Date last seen Price effective from Koha item type
        TNC_A99_R141   Indian Institute of Public Administration Indian Institute of Public Administration 2021-01-21 TNC A99 R141 GR22515 2021-01-21 2021-01-21 GR

Powered by Koha